000 00699nam a2200253Ia 4500
003 OSt
005 20220925235449.0
006 a|||||r|||| 00| 0
007 ta
008 220923b |||||||| |||| 00| 0 eng d
037 _cGeneral Book
040 _aRTL
_cRTL
_beng
041 _2eng
_aeng
082 _aXM8, M9
100 _aThakur Devendra
_9301307
245 0 _aInternational business
260 _a New Delhi
_bDeep & Deep
_c1989
300 _a327p
_ccm.
500 _aBibliography p360-97
650 _aMultinational
700 _a Mishra Santosh Kumar
_9301308
942 _hXM8, M9
_cGB
_2CC
999 _c597334
_d597334